000 00522nam a22001697a 4500
999 _c8475
_d8475
008 201125b ||||| |||| 00| 0 eng d
040 _aBMS College of Architecture
100 _aSsthiyanarayanan, Sanjana
245 _aDynamic workspaces Bangalore
300 _a76p.
500 _a1BM14AT091
502 _8B,Arch
_NBMS College of Architecture, Visvesvaraya Technological University (VTU)
_aProject report
_d2018
650 _aBangalore
700 _aReshmi M K
_eGuide
700 _aSantosh K
_eGuide
942 _2ddc
_cTHE